000 00277nam a22001217a 4500
008 170224b xxu||||| |||| 00| 0 eng d
041 _aeng
080 _a617
100 _a5
101 _aSHK
245 _aLIVING REALATED DONOR LIVER TRANSPLANTATION
_cOZAWA.K
942 _2udc
_cBK
999 _c6209
_d6209